[Event "Mondiale Lampo FIDE 2017"]
[Site "Riyadh"]
[Date "30.12.2017"]
[Round "21.24"]
[White "Bortnyk, Olexandr"]
[Black "Inarkiev, Ernesto"]
[Result "1-0"]
[WhiteTitle "GM"]
[BlackTitle "GM"]
[WhiteElo "2610"]
[BlackElo "2689"]
[WhiteFideId "14120828"]
[BlackFideId "4162722"]
[EventDate "2017.12.29"]

1. d4 Nf6 2. Nc3 d5 3. Bf4 a6 4. e3 e6 5. a3 c5 6. Nf3 b5 7. Ne5 Bb7 8. Qf3 Nbd7
9. Be2 Nxe5 10. dxe5 Nd7 11. Qg3 Qc7 12. O-O g6 13. Rfd1 Bg7 14. Bxb5 axb5 15.
Nxb5 Qc6 16. Nd6+ Ke7 17. c4 f6 18. cxd5 exd5 19. exf6+ Nxf6 20. Rac1 Rhd8 21.
b4 c4 22. b5 Qd7 23. Nxc4 Qxb5 24. Nd6 Rxd6 25. Bxd6+ Kf7 26. Rc7+ Kg8 27. Bb4
Re8 28. Rdc1 Ba6 29. h4 Ne4 30. Qf4 Nf6 31. Bc3 Qb6 32. Bd4 Qe6 33. R1c6 Qe4 34.
Rxg7+ 1-0

[Event "Mondiale Lampo FIDE 2017"]
[Site "Riyadh"]
[Date "30.12.2017"]
[Round "21.25"]
[White "Sjugirov, Sanan"]
[Black "Cheparinov, Ivan"]
[Result "1-0"]
[WhiteTitle "GM"]
[BlackTitle "GM"]
[WhiteElo "2650"]
[BlackElo "2710"]
[WhiteFideId "4189302"]
[BlackFideId "2905540"]
[EventDate "2017.12.29"]

1. d4 Nf6 2. Nf3 d5 3. Bg5 Ne4 4. Bh4 h5 5. Bg3 g5 6. h3 Nxg3 7. fxg3 Qd6 8. Kf2
g4 9. hxg4 Bxg4 10. Nc3 Nc6 11. e4 dxe4 12. Nxe4 Qb4 13. c3 Qb6 14. Qb3 O-O-O
15. Qxb6 axb6 16. Bb5 Bg7 17. Rae1 e6 18. Neg5 Rdf8 19. Bd3 Ne7 20. Nh2 Bf5 21.
Bxf5 Nxf5 22. Nhf3 Bf6 23. Rh3 Rh6 24. Reh1 Rg6 25. Ne4 Bg7 26. Rxh5 Rg8 27. Rg5
Bh6 28. Rxg6 Rxg6 29. Ne5 Rg8 30. g4 1-0

[Event "Mondiale Lampo FIDE 2017"]
[Site "Riyadh"]
[Date "30.12.2017"]
[Round "21.26"]
[White "Vallejo Pons, Francisco"]
[Black "Onischuk, Vladimir"]
[Result "1-0"]
[WhiteTitle "GM"]
[BlackTitle "GM"]
[WhiteElo "2707"]
[BlackElo "2637"]
[WhiteFideId "2205530"]
[BlackFideId "14114038"]
[EventDate "2017.12.29"]

1. e4 d6 2. d4 Nf6 3. f3 e5 4. dxe5 dxe5 5. Qxd8+ Kxd8 6. Bc4 Ke8 7. Ne2 Bc5 8.
Bd2 Nbd7 9. Nc1 Ke7 10. a4 a5 11. Nb3 Bb6 12. Bc3 Ne8 13. Na3 Nd6 14. O-O-O f6
15. Be2 Nc5 16. Nxc5 Bxc5 17. Nc4 b6 18. b3 Be6 19. Nxd6 cxd6 20. Bb2 Rac8 21.
Kb1 g6 22. h4 f5 23. h5 f4 24. hxg6 hxg6 25. c4 g5 26. Bc3 Kf6 27. Kc2 g4 28.
fxg4 Rcg8 29. Bf3 Rxh1 30. Rxh1 Bxg4 31. Rh6+ Kg5 32. Rh2 Rg6 33. Be1 Kf6 34.
Kd3 Ke6 35. Ke2 Bb4 36. Bf2 Bc5 37. Be1 Kd7 38. Rh7+ Kc6 39. Bh4 Bxf3+ 40. Kxf3
Rg8 41. Rh5 Bd4 42. Be1 Kc5 43. Rh7 Bc3 1-0

[Event "Mondiale Lampo FIDE 2017"]
[Site "Riyadh"]
[Date "30.12.2017"]
[Round "21.27"]
[White "Ivanchuk, Vassily"]
[Black "Kryvoruchko, Yuriy"]
[Result "1/2-1/2"]
[WhiteTitle "GM"]
[BlackTitle "GM"]
[WhiteElo "2726"]
[BlackElo "2689"]
[WhiteFideId "14100010"]
[BlackFideId "14109182"]
[EventDate "2017.12.29"]

1. e4 e5 2. Nf3 Nc6 3. Bb5 Nf6 4. Nc3 Nd4 5. Nxd4 exd4 6. Nd5 Nxd5 7. exd5 c6 8.
Bc4 Qe7+ 9. Qe2 Qxe2+ 10. Kxe2 Bd6 11. a4 b6 12. d3 Bb7 13. dxc6 dxc6 14. Bd2 a5
15. f3 O-O 16. Kf2 Rfe8 17. Rhe1 1/2-1/2

[Event "Mondiale Lampo FIDE 2017"]
[Site "Riyadh"]
[Date "30.12.2017"]
[Round "21.28"]
[White "Nguyen, Ngoc Truong Son"]
[Black "Andriasian, Zaven"]
[Result "0-1"]
[WhiteTitle "GM"]
[BlackTitle "GM"]
[WhiteElo "2630"]
[BlackElo "2585"]
[WhiteFideId "12401110"]
[BlackFideId "13302000"]
[EventDate "2017.12.29"]

1. d4 Nf6 2. Nf3 g6 3. Bg5 Bg7 4. Nbd2 d6 5. e4 O-O 6. c3 Nbd7 7. Bd3 e5 8. O-O
Qe7 9. h3 h6 10. Be3 Nh5 11. Re1 Re8 12. a4 Nf8 13. b4 Ne6 14. dxe5 dxe5 15. Bf1
Ng5 16. Qb3 Nf4 17. Bxf4 exf4 18. e5 Nxf3+ 19. Nxf3 g5 20. Bc4 Be6 21. Bxe6 Qxe6
22. Qxe6 Rxe6 23. Rad1 Rae8 24. Rd7 Rc6 25. Rd3 a6 26. Kf1 Kf8 27. Re2 a5 28.
Re4 axb4 29. cxb4 Rc2 30. Rd7 b6 31. h4 g4 32. Rxf4 Rc1+ 33. Ke2 gxf3+ 34. Kxf3
Bxe5 35. Rfxf7+ Kg8 36. Kg4 Rf8 37. Rfe7 Rc4+ 38. Kh5 Bf6 39. Re6 Rxh4+ 40. Kg6
Rg4+ 41. Kxh6 Rxg2 42. Rxc7 Bg7+ 43. Kh5 Rfxf2 44. Re4 Rf6 45. Rg4 Rh2+ 46. Kg5
Kh7 47. Rh4+ Rxh4 48. Kxh4 Rf4+ 49. Kg5 Rxb4 50. Ra7 Kg8 51. Kg6 Rg4+ 52. Kf5
Rb4 53. a5 b5 54. Kg6 Bf8 55. Rb7 Rb1 56. a6 b4 57. a7 Ra1 58. Kf6 b3 59. Rxb3
Ra6+ 60. Kf5 Rxa7 61. Rb6 Kf7 62. Rf6+ Ke8 63. Re6+ Be7 64. Rb6 Kf7 65. Rc6 Ra5+
66. Ke4 Bf6 67. Rd6 Kg6 68. Re6 Ra4+ 69. Kd5 Kf5 70. Re1 Rd4+ 71. Kc5 Rd2 72.
Rf1+ Ke6 73. Rh1 Rc2+ 74. Kb5 Kd5 75. Rh5+ Be5 76. Rh4 Rc8 77. Rh6 Rc5+ 78. Kb4
Rc1 79. Rh3 Rc8 80. Kb3 Rb8+ 81. Kc2 Rb2+ 82. Kc1 Rg2 83. Ra3 Bd4 84. Ra4 Ke4
85. Kb1 Kd3 86. Ra8 Rg1+ 87. Ka2 Ra1+ 0-1

[Event "Mondiale Lampo FIDE 2017"]
[Site "Riyadh"]
[Date "30.12.2017"]
[Round "21.29"]
[White "Georgiev, Kiril"]
[Black "Riazantsev, Alexander"]
[Result "1/2-1/2"]
[WhiteTitle "GM"]
[BlackTitle "GM"]
[WhiteElo "2623"]
[BlackElo "2650"]
[WhiteFideId "2900017"]
[BlackFideId "4125029"]
[EventDate "2017.12.29"]

1. d4 d5 2. c4 e6 3. Nc3 Nf6 4. Nf3 c5 5. cxd5 Nxd5 6. g3 Nxc3 7. bxc3 cxd4 8.
cxd4 Bb4+ 9. Bd2 Bxd2+ 10. Qxd2 b6 11. Bg2 Bb7 12. O-O O-O 13. Rfd1 Nd7 14. a4
Nf6 15. Ne5 Bxg2 16. Kxg2 Qd5+ 17. f3 Rfd8 18. Qb4 Qb7 19. Rac1 Nd5 20. Qb3 Rac8
21. Kf2 h6 22. h4 Ne7 23. Rc4 Rxc4 24. Qxc4 Rc8 25. Qb3 Qd5 26. Qb2 Qa5 27. Qb5
Qxb5 28. axb5 f6 29. Nd3 Nf5 30. Nf4 Kf7 31. Ra1 Rc7 32. d5 exd5 33. Nxd5 Rd7
34. e4 Nd6 35. Rb1 Nc4 36. g4 g6 37. Rb4 Nd6 38. Ke3 Rd8 39. Rb3 Rc8 40. Nc3 Rc5
41. Kd3 Ke6 42. Ra3 Nxb5 43. Nxb5 Rxb5 44. Rxa7 Rb3+ 45. Ke2 Ke5 46. Rh7 Kf4 47.
Rxh6 Re3+ 48. Kd2 Rxf3 49. Rxg6 Kxe4 50. h5 Ke5 51. g5 fxg5 52. Rxg5+ Rf5 1/2-1/2

[Event "Mondiale Lampo FIDE 2017"]
[Site "Riyadh"]
[Date "30.12.2017"]
[Round "21.30"]
[White "Socko, Bartosz"]
[Black "Saric, Ivan"]
[Result "0-1"]
[WhiteTitle "GM"]
[BlackTitle "GM"]
[WhiteElo "2593"]
[BlackElo "2669"]
[WhiteFideId "1107038"]
[BlackFideId "14508150"]
[EventDate "2017.12.29"]

1. d4 Nf6 2. c4 g6 3. Nf3 d6 4. g3 c6 5. Bg2 Qa5+ 6. Nc3 Ne4 7. Bd2 Nxd2 8. Qxd2
Bg7 9. O-O O-O 10. Rac1 e5 11. d5 c5 12. e4 Qd8 13. Ne1 Nd7 14. Nd3 a6 15. a3 b5
16. cxb5 axb5 17. Nxb5 Qb6 18. Nc3 Ba6 19. Rb1 Rfb8 20. Rfc1 Bh6 21. Qxh6 Bxd3
22. Ra1 Qxb2 23. a4 c4 24. h4 Nc5 25. Ra2 Qb6 26. h5 Qd8 27. Qe3 gxh5 28. Bf3 h4
29. Kg2 hxg3 30. Rh1 Qf6 31. fxg3 Rb3 32. Qd2 Rxc3 33. Qxc3 Nxe4 34. Qe1 Ng5 35.
Rf2 Nxf3 36. Rxf3 Qg6 37. Rh4 Rxa4 38. Qf2 Be4 39. Kh3 Bxf3 40. Qxf3 h5 41. g4
Qd3 42. Qxd3 cxd3 43. Rxh5 d2 44. Rf5 d1=Q 0-1

[Event "Mondiale Lampo FIDE 2017"]
[Site "Riyadh"]
[Date "30.12.2017"]
[Round "21.31"]
[White "Fressinet, Laurent"]
[Black "Khismatullin, Denis"]
[Result "1-0"]
[WhiteTitle "GM"]
[BlackTitle "GM"]
[WhiteElo "2662"]
[BlackElo "2632"]
[WhiteFideId "608742"]
[BlackFideId "4142578"]
[EventDate "2017.12.29"]

1. e4 d6 2. d4 Nf6 3. Nc3 e5 4. Nf3 Nbd7 5. Bc4 Be7 6. a4 O-O 7. O-O c6 8. Re1
exd4 9. Nxd4 Ne5 10. Bf1 Re8 11. Bf4 Qa5 12. Qd2 Ng6 13. Be3 Qc7 14. h3 Bf8 15.
Bg5 Be7 16. Nf5 Bxf5 17. exf5 Nf8 18. Bf4 Qd7 19. g4 d5 20. Be5 Bd6 21. Bxf6
gxf6 22. Qh6 Be5 23. Rad1 Qc7 24. Ne2 Nd7 25. Kg2 Qd6 26. c3 a5 27. f4 Bxc3 28.
bxc3 Re3 29. Ng3 Rae8 30. Nh5 Qf8 31. Qxf8+ Kxf8 32. Rxe3 Rxe3 33. c4 1-0

[Event "Mondiale Lampo FIDE 2017"]
[Site "Riyadh"]
[Date "30.12.2017"]
[Round "21.33"]
[White "Anton Guijarro, David"]
[Black "Kovalev, Vladislav"]
[Result "1/2-1/2"]
[WhiteTitle "GM"]
[BlackTitle "GM"]
[WhiteElo "2666"]
[BlackElo "2639"]
[WhiteFideId "2285525"]
[BlackFideId "13504398"]
[EventDate "2017.12.29"]

1. e4 e5 2. Nf3 Nc6 3. Bc4 Bc5 4. c3 Nf6 5. d3 O-O 6. O-O d6 7. Bb3 h6 8. Nbd2
a6 9. h3 Ba7 10. Re1 Nh5 11. Nf1 Qf6 12. Ne3 Nf4 13. Ng4 Bxg4 14. hxg4 Ne7 15.
d4 Neg6 16. g3 Ne6 17. Be3 exd4 18. cxd4 c5 19. e5 dxe5 20. dxe5 Nxe5 21. Nxe5
Qxe5 22. Bxe6 fxe6 23. Qb3 Qd5 24. Qc2 Rf7 25. b3 b5 26. Rad1 Qf3 27. Qe2 Qxe2
28. Rxe2 Rc8 29. Rd6 c4 1/2-1/2

[Event "Mondiale Lampo FIDE 2017"]
[Site "Riyadh"]
[Date "30.12.2017"]
[Round "21.35"]
[White "Bocharov, Dmitry"]
[Black "Mchedlishvili, Mikheil"]
[Result "1/2-1/2"]
[WhiteTitle "GM"]
[BlackTitle "GM"]
[WhiteElo "2583"]
[BlackElo "2603"]
[WhiteFideId "4138716"]
[BlackFideId "13600966"]
[EventDate "2017.12.29"]

1. c4 e5 2. d3 Nc6 3. Nf3 g6 4. g3 Bg7 5. Bg2 d6 6. Nc3 Nf6 7. Rb1 O-O 8. O-O
Nd4 9. Nxd4 exd4 10. Nb5 Nd7 11. e3 dxe3 12. Bxe3 Ne5 13. Qc2 Bf5 14. Rbd1 Qc8
15. Nd4 Bh3 16. Rfe1 Bxg2 17. Kxg2 Re8 18. Qe2 Ng4 19. Nf3 Qd7 20. Qd2 Nxe3+ 21.
Rxe3 Rxe3 22. Qxe3 d5 23. Re1 dxc4 24. dxc4 Bxb2 25. Rb1 Bf6 26. Rxb7 Qc6 27.
Rxa7 Rxa7 28. Qxa7 Qxc4 29. a4 Kg7 30. a5 g5 31. Qb7 g4 32. Nh4 Bxh4 33. gxh4 c6
34. Qb2+ f6 35. Qb7+ Kg6 36. Qb1+ Kg7 37. Qa1 Qa6 38. Qa3 h5 39. Qc5 Kg6 40.
Qc2+ Kg7 41. Qf5 Qc4 42. h3 gxh3+ 43. Kxh3 Qf1+ 44. Kh2 Qe2 45. Kg2 c5 46. Qf3
Qb5 47. Qg3+ Kh6 48. Qf4+ Kg6 49. Qe4+ Kg7 50. Qa8 Qd3 51. Qb7+ Kg6 52. Qf3 Qb5
53. Qe4+ Kf7 54. Qd5+ Kg6 55. Qg8+ Kh6 56. Qd8 Qc6+ 57. Kh2 Kg6 58. Qg8+ Kh6 59.
Qf8+ Kg6 60. Qg8+ Kh6 61. Qd8 Kg6 62. Qd3+ Kf7 63. a6 Ke6 64. a7 Qc7+ 65. Kg2
Qxa7 66. Qe2+ Kd6 67. Qd1+ Kc6 68. Qxh5 Qg7+ 69. Kf1 c4 70. Qe8+ Kc5 71. h5 c3
72. Qe3+ Kc4 73. h6 Qg6 74. Qe6+ Kb4 75. Qd6+ Kb3 76. Qe6+ Kb2 77. Qb6+ Kc2 78.
Qe3 Kb3 79. Qe6+ Kb2 80. Qb6+ Kc2 81. Qe3 1/2-1/2

[Event "Mondiale Lampo FIDE 2017"]
[Site "Riyadh"]
[Date "30.12.2017"]
[Round "21.36"]
[White "Alekseev, Evgeny"]
[Black "Al-Sayed, Mohammed"]
[Result "0-1"]
[WhiteTitle "GM"]
[BlackTitle "GM"]
[WhiteElo "2616"]
[BlackElo "2511"]
[WhiteFideId "4138147"]
[BlackFideId "12100196"]
[EventDate "2017.12.29"]

1. Nf3 d5 2. e3 c6 3. c4 Nf6 4. b3 Bg4 5. Bb2 e6 6. Be2 Nbd7 7. O-O Bd6 8. d4
Ne4 9. Nfd2 Bxe2 10. Qxe2 O-O 11. Nxe4 dxe4 12. Ba3 Bxa3 13. Nxa3 f5 14. c5 e5
15. Qc4+ Kh8 16. d5 Qh4 17. dxc6 bxc6 18. Rad1 Nf6 19. Rd6 f4 20. exf4 exf4 21.
Nc2 f3 22. gxf3 Qh3 23. Ne3 Rae8 24. Rfd1 Re5 25. f4 Rh5 26. Qe6 Qxh2+ 27. Kf1
Qxf4 0-1

[Event "Mondiale Lampo FIDE 2017"]
[Site "Riyadh"]
[Date "30.12.2017"]
[Round "21.37"]
[White "Ganguly, Surya Shekhar"]
[Black "Fedorchuk, Sergey A."]
[Result "0-1"]
[WhiteTitle "GM"]
[BlackTitle "GM"]
[WhiteElo "2650"]
[BlackElo "2648"]
[WhiteFideId "5002150"]
[BlackFideId "14102536"]
[EventDate "2017.12.29"]

1. e4 c5 2. Nf3 e6 3. d4 cxd4 4. Nxd4 Nc6 5. Nc3 d6 6. Be3 a6 7. f4 Nge7 8. Qf3
Nxd4 9. Bxd4 Nc6 10. Be3 Be7 11. Bd3 Qc7 12. O-O-O O-O 13. g4 b5 14. Kb1 Bb7 15.
Qh3 Nb4 16. Rhf1 Rac8 17. Rc1 Qa5 18. a3 Nxd3 19. cxd3 b4 20. axb4 Qxb4 21. g5
Rb8 22. Rf2 Rfc8 23. f5 exf5 24. Qxf5 Qb3 25. Ba7 Ra8 26. Bd4 Bf8 27. Rcc2 Rab8
28. Nd5 Bxd5 29. Rxc8 Qxd3+ 30. Rcc2 Qxe4 31. Qf4 Qe1+ 32. Qc1 Qe6 33. Ka1 Rb4
34. Rc3 Rxd4 35. Ra3 Bb3 36. Rf1 Bc4 37. Re1 Qd5 38. Qc2 g6 39. Rc1 a5 40. h3
Bg7 41. Re3 Be5 42. Ra3 Bd3 43. Qc8+ Kg7 44. Rd1 0-1

[Event "Mondiale Lampo FIDE 2017"]
[Site "Riyadh"]
[Date "30.12.2017"]
[Round "21.38"]
[White "Sethuraman, S.P."]
[Black "Adhiban, Baskaran"]
[Result "0-1"]
[WhiteTitle "GM"]
[BlackTitle "GM"]
[WhiteElo "2646"]
[BlackElo "2655"]
[WhiteFideId "5021596"]
[BlackFideId "5018471"]
[EventDate "2017.12.29"]

1. e4 g6 2. d4 Bg7 3. Nc3 a6 4. h4 h5 5. Be3 b5 6. f4 d6 7. Nf3 Nf6 8. Bd3 b4 9.
Ne2 Bb7 10. Ng3 Ng4 11. Qe2 c5 12. e5 cxd4 13. Bd2 O-O 14. e6 f5 15. O-O-O Qa5
16. Kb1 Bd5 17. Bc4 Bxc4 18. Qxc4 Qb5 19. Qxb5 axb5 20. Rhe1 Nc6 21. Ne2 Nf2 22.
Rc1 Ne4 23. Rcd1 Ra6 24. Nc1 Nf2 25. Rf1 Nxd1 26. Rxd1 Bf6 27. g3 Rfa8 28. Be1
Nd8 29. Nxd4 Bxd4 30. Rxd4 Nxe6 31. Rxb4 Nc7 32. Rb3 e5 33. Rc3 Ne6 34. fxe5
dxe5 35. Rb3 Nd4 36. Re3 e4 37. Bc3 Nf3 38. a3 Rd6 39. Ka2 Kf7 40. Ne2 Rg8 41.
Bb4 Rc6 42. c3 g5 43. hxg5 Rxg5 44. Kb3 Nd2+ 45. Kc2 Nc4 0-1

[Event "Mondiale Lampo FIDE 2017"]
[Site "Riyadh"]
[Date "30.12.2017"]
[Round "21.39"]
[White "Guseinov, Gadir"]
[Black "Dobrov, Vladimir"]
[Result "1-0"]
[WhiteTitle "GM"]
[BlackTitle "GM"]
[WhiteElo "2646"]
[BlackElo "2515"]
[WhiteFideId "13401378"]
[BlackFideId "4136594"]
[EventDate "2017.12.29"]

1. e4 c5 2. Nf3 d6 3. Nc3 Nf6 4. d4 cxd4 5. Nxd4 a6 6. Bg5 Nbd7 7. Qe2 h6 8. Bh4
Qc7 9. O-O-O g6 10. f4 e5 11. fxe5 dxe5 12. Nb3 b5 13. Qf3 Be7 14. Rxd7 Qxd7 15.
Bxf6 Bxf6 16. Qxf6 O-O 17. Qxe5 Re8 18. Qd4 Qxd4 19. Nxd4 Bb7 20. Bd3 Rad8 21.
Nf3 b4 22. Nd5 Bxd5 23. exd5 Rxd5 24. Bxa6 b3 25. cxb3 Ra5 26. Bc4 Rxa2 27. Kc2
Kg7 28. Rd1 Ra7 29. b4 g5 30. Nd4 Re4 31. Kd3 Rf4 32. g3 Rf2 33. Rd2 Rf1 34. b5
f5 35. Bd5 Kf6 36. b6 Ra6 37. b7 Rb6 38. b3 Rb1 39. Re2 Rd1+ 40. Kc4 Rc1+ 41.
Rc2 Rxc2+ 42. Nxc2 1-0

[Event "Mondiale Lampo FIDE 2017"]
[Site "Riyadh"]
[Date "30.12.2017"]
[Round "21.40"]
[White "Bosiocic, Marin"]
[Black "Movsesian, Sergei"]
[Result "0-1"]
[WhiteTitle "GM"]
[BlackTitle "GM"]
[WhiteElo "2624"]
[BlackElo "2647"]
[WhiteFideId "14507927"]
[BlackFideId "310204"]
[EventDate "2017.12.29"]

1. d4 d5 2. Bg5 h6 3. Bh4 c5 4. dxc5 Nc6 5. e3 Nf6 6. Bxf6 gxf6 7. c3 a5 8. Qh5
e5 9. Nd2 Bxc5 10. Ngf3 Be6 11. a4 Qb6 12. Bb5 Ke7 13. Qh4 Rag8 14. g3 Rg4 15.
Qh5 Rgg8 16. Qh4 h5 17. h3 Bd6 18. e4 d4 19. O-O dxc3 20. bxc3 Qc5 21. Rfc1 Na7
22. Bf1 Nc8 23. Rab1 b6 24. Ne1 Qc7 25. Ng2 Ba3 26. Rc2 Nd6 27. Ne3 Bc5 28. Re1
Bxe3 29. Rxe3 Rg6 30. Rb2 Qc5 31. Rf3 Bd7 32. Nb3 Qc7 33. Nd4 Bxa4 34. Nf5+ Kf8
35. Rd2 Ne8 36. g4 Bd7 37. Rg3 Bxf5 38. exf5 Rg5 39. Kh2 e4 40. Re2 Kg7 41. gxh5
Rxh5 42. Qxe4 Nd6 43. Qf4 Qc5 44. h4 Nxf5 45. Re5 Qxe5 46. Qxe5 Rxh4+ 47. Kg2
Rxg3+ 0-1

[Event "Mondiale Lampo FIDE 2017"]
[Site "Riyadh"]
[Date "30.12.2017"]
[Round "21.41"]
[White "Ni, Hua"]
[Black "Meier, Georg"]
[Result "1/2-1/2"]
[WhiteTitle "GM"]
[BlackTitle "GM"]
[WhiteElo "2671"]
[BlackElo "2650"]
[WhiteFideId "8601160"]
[BlackFideId "4675789"]
[EventDate "2017.12.29"]

1. d4 Nf6 2. Bf4 d5 3. e3 e6 4. Nd2 Bd6 5. Bg3 O-O 6. Bd3 c5 7. c3 Qc7 8. Bxd6
Qxd6 9. f4 b6 10. Ngf3 Ba6 11. Bxa6 Nxa6 12. Ne5 Nc7 13. Qf3 Nd7 14. O-O f6 15.
Nxd7 Qxd7 16. Qh3 Rac8 17. Rf3 Nb5 18. Raf1 Nd6 19. g4 b5 20. Qh4 g6 21. Nb3 Ne4
22. dxc5 Nxc5 23. Nxc5 Rxc5 24. Qf2 Rc4 25. h4 a5 26. g5 f5 27. h5 e5 28. Rd1
Re8 29. Qh4 exf4 30. exf4 Rce4 31. hxg6 hxg6 32. Qh6 Qg7 33. Qxg7+ Kxg7 34. Rxd5
b4 35. Rd7+ R8e7 36. Rxe7+ Rxe7 37. Kf2 Re4 38. Kg3 Kf7 39. cxb4 axb4 40. Rd3
Ke6 41. Rd8 Rc4 42. Rf8 Kd5 43. Kf3 Rc2 44. Rd8+ Ke6 45. Re8+ Kd5 46. Rd8+ Ke6
47. Re8+ Kd5 48. Re2 Rc1 49. Rd2+ Kc5 50. Re2 Kd5 51. Rd2+ Kc5 52. Ke3 Re1+ 53.
Re2 Rd1 54. Kf3 Kd6 55. Ke3 Kc5 56. Rc2+ Kb5 57. Rd2 Ra1 58. Rd6 Rxa2 59. Rxg6
Rxb2 60. Rf6 Rg2 61. Rxf5+ Kc4 62. Rf8 b3 63. Rb8 Kc3 64. Kf3 Rg1 65. Kf2 Rg4
66. Kf3 Rg1 67. Rc8+ Kd4 68. Rd8+ Kc3 69. Rc8+ Kd4 70. Rb8 Kc3 71. Ke4 b2 72.
Kf5 b1=Q+ 73. Rxb1 Rxb1 74. g6 Kd4 75. g7 Rg1 76. Kf6 Ke4 77. Kf7 Kxf4 1/2-1/2

[Event "Mondiale Lampo FIDE 2017"]
[Site "Riyadh"]
[Date "30.12.2017"]
[Round "21.42"]
[White "Miton, Kamil"]
[Black "Demchenko, Anton"]
[Result "0-1"]
[WhiteTitle "GM"]
[BlackTitle "GM"]
[WhiteElo "2584"]
[BlackElo "2660"]
[WhiteFideId "1111914"]
[BlackFideId "4160258"]
[EventDate "2017.12.29"]

1. d4 Nf6 2. c4 g6 3. Nc3 Bg7 4. e4 O-O 5. Bd3 Nc6 6. Nge2 e5 7. d5 Nd4 8. O-O
c5 9. Nxd4 exd4 10. Ne2 d6 11. h3 b5 12. b3 bxc4 13. bxc4 Rb8 14. Ng3 Re8 15.
Bf4 Rb6 16. Qd2 Nd7 17. Bg5 Qc7 18. f4 Ba6 19. Rae1 Rb4 20. f5 Be5 21. Bf4 Qd8
22. Bxe5 Rxe5 23. Rf3 Qh4 24. Ref1 Re7 25. f6 Re8 26. Kh2 Ne5 27. Rf4 Qh6 28.
Nf5 gxf5 29. exf5 Qxf6 30. Re1 Kh8 31. a3 Rb3 32. Bf1 Rg8 33. Qf2 d3 34. Rh4 Rb2
35. Qxb2 Nf3+ 0-1

[Event "Mondiale Lampo FIDE 2017"]
[Site "Riyadh"]
[Date "30.12.2017"]
[Round "21.43"]
[White "Zhao, Jun"]
[Black "Sargissian, Gabriel"]
[Result "1-0"]
[WhiteTitle "GM"]
[BlackTitle "GM"]
[WhiteElo "2604"]
[BlackElo "2672"]
[WhiteFideId "8602522"]
[BlackFideId "13300881"]
[EventDate "2017.12.29"]

1. e4 e5 2. Nf3 Nc6 3. Bb5 a6 4. Ba4 d6 5. O-O g6 6. c3 Bg7 7. d4 Bd7 8. d5 Nce7
9. Bxd7+ Qxd7 10. c4 h6 11. Nc3 f5 12. exf5 gxf5 13. Ne1 Nf6 14. f4 e4 15. Nc2
c5 16. dxc6 bxc6 17. Be3 O-O 18. Qd2 c5 19. h3 Qe6 20. Qe2 Rac8 21. Rad1 Rfd8
22. Rd2 Ne8 23. Rfd1 Bxc3 24. bxc3 Qg6 25. Bf2 Rd7 26. Ne3 Rb7 27. Bh4 Nc6 28.
Rd5 Rcb8 29. Nxf5 Rb2 30. Qxe4 Ng7 31. Nxd6 Qxe4 32. Nxe4 Ne6 33. Bg3 Re2 34. f5
Rbb2 35. Nf2 Ng5 36. h4 Nh7 37. Rxc5 Ne7 38. Rd7 Nf6 39. Rd4 h5 40. Re5 Rxe5 41.
Bxe5 Ng4 42. Nxg4 hxg4 43. Rxg4+ Kf7 44. Rg7+ Kf8 45. f6 Nf5 46. Ra7 Re2 47. Bd4
Nxd4 48. cxd4 Rxa2 49. c5 a5 50. c6 Rc2 51. c7 1-0

[Event "Mondiale Lampo FIDE 2017"]
[Site "Riyadh"]
[Date "30.12.2017"]
[Round "21.44"]
[White "Ponkratov, Pavel"]
[Black "Potkin, Vladimir"]
[Result "0-1"]
[WhiteTitle "GM"]
[BlackTitle "GM"]
[WhiteElo "2613"]
[BlackElo "2574"]
[WhiteFideId "4157800"]
[BlackFideId "4131061"]
[EventDate "2017.12.29"]

1. b3 d5 2. Bb2 Nf6 3. Nf3 Bf5 4. g3 e6 5. Bg2 Be7 6. O-O O-O 7. c4 c6 8. d3 h6
9. Nbd2 Nbd7 10. Qc2 Bh7 11. a3 a5 12. Bc3 Re8 13. Qb2 Bf8 14. Rfe1 Qb6 15. b4
axb4 16. axb4 Rec8 17. e4 dxe4 18. dxe4 Rxa1 19. Rxa1 Nxe4 20. c5 Qc7 21. Bd4
Nxd2 22. Nxd2 b6 23. Qc3 bxc5 24. bxc5 e5 25. Be3 Bf5 26. Ra6 Nb8 27. Ra4 Be6
28. Ne4 Nd7 29. f4 Rb8 30. h3 Rb3 31. Qd2 Bd5 32. Ra8 Rb8 33. Ra6 Qb7 34. Ra1
Qb4 35. Qxb4 Rxb4 36. Nd6 Bxg2 37. Kxg2 exf4 38. gxf4 Rb3 39. Bg1 Bxd6 40. cxd6
Rd3 41. Ra8+ Kh7 42. Rd8 Rxd6 43. Bf2 Kg6 44. Kg3 Rd3+ 45. Kg2 Rd5 46. Rc8 c5
47. Rc7 Kf5 48. Kf3 Rd3+ 49. Be3 g5 50. fxg5 hxg5 51. Ke2 Rd5 52. Rc6 f6 53. Rc7
Ke4 54. Bf2 Rd3 55. h4 gxh4 56. Bxh4 f5 57. Rc8 Re3+ 58. Kd2 Ne5 59. Re8 Rd3+
60. Ke2 Rd5 61. Bf6 f4 62. Bg7 f3+ 63. Kf2 c4 64. Rc8 Nd3+ 65. Kf1 Rc5 66. Re8+
Ne5 67. Rh8 c3 68. Rh4+ Kd3 69. Bh6 c2 70. Bc1 Rb5 71. Kf2 Rb1 72. Be3 c1=Q 73.
Bxc1 Rxc1 74. Kg3 Rg1+ 75. Kf2 Rg2+ 76. Kf1 Ke3 77. Ra4 Rb2 0-1

[Event "Mondiale Lampo FIDE 2017"]
[Site "Riyadh"]
[Date "30.12.2017"]
[Round "21.45"]
[White "Halkias, Stelios"]
[Black "Moiseenko, Alexander"]
[Result "1-0"]
[WhiteTitle "GM"]
[BlackTitle "GM"]
[WhiteElo "2571"]
[BlackElo "2667"]
[WhiteFideId "4201809"]
[BlackFideId "14102560"]
[EventDate "2017.12.29"]

1. Nf3 Nf6 2. c4 e6 3. g3 d5 4. d4 dxc4 5. Bg2 Bd7 6. Ne5 Bc6 7. Nxc6 Nxc6 8. e3
Qd7 9. O-O Rd8 10. Nc3 a6 11. Qe2 b5 12. a4 Nb4 13. axb5 axb5 14. b3 cxb3 15.
Nxb5 Be7 16. Ra7 Rc8 17. Bd2 O-O 18. Bxb4 Bxb4 19. Qc4 Rb8 20. Bc6 Qe7 21. Qxb3
Bd6 22. Qc4 e5 23. Rd1 h6 24. Bg2 exd4 25. Nxd4 Rb6 26. Nf5 Qe5 27. Nxd6 cxd6
28. Qc7 Rb2 29. Ra5 Qe6 30. h3 Ne4 31. Bxe4 Qxe4 32. Qxd6 Qf3 33. Rf1 Rfb8 34.
Qd5 Qf6 35. Ra8 g6 36. Rxb8+ Rxb8 37. Kg2 Rb2 38. Qe4 Kg7 39. g4 Ra2 40. Kg3 Rd2
41. Qf4 Qxf4+ 42. Kxf4 Ra2 43. Kg3 Rb2 44. Rc1 Ra2 45. h4 Ra4 46. Rc5 Rb4 47. f4
Rb3 48. Kf3 Ra3 49. h5 gxh5 50. Rxh5 Rb3 51. Rc5 Ra3 52. Rd5 Kg6 53. Ke4 f6 54.
Rd8 Ra4+ 55. Kf3 Ra3 56. Rd7 h5 57. f5+ Kh6 58. gxh5 Kxh5 59. Kf4 Ra1 60. Rh7# 1-0

[Event "Mondiale Lampo FIDE 2017"]
[Site "Riyadh"]
[Date "30.12.2017"]
[Round "21.46"]
[White "Kuzubov, Yuriy"]
[Black "Grigoriants, Sergey"]
[Result "0-1"]
[WhiteTitle "GM"]
[BlackTitle "GM"]
[WhiteElo "2699"]
[BlackElo "2561"]
[WhiteFideId "14112906"]
[BlackFideId "4130804"]
[EventDate "2017.12.29"]

1. d4 d5 2. c4 c6 3. e3 Bf5 4. Nc3 e6 5. Nf3 Nd7 6. Be2 h6 7. Bd3 Bxd3 8. Qxd3
Ngf6 9. O-O Bb4 10. a3 Ba5 11. b3 O-O 12. Bb2 Qe7 13. Rfd1 Bc7 14. Qc2 Rfe8 15.
a4 Bd6 16. Ne2 Ne4 17. c5 Bc7 18. b4 e5 19. Nxe5 Nxe5 20. dxe5 Bxe5 21. Bxe5
Qxe5 22. Nd4 a6 23. Rac1 Qf6 24. h3 Ng5 25. b5 axb5 26. axb5 Ne4 27. bxc6 bxc6
28. Ra1 g6 29. Rdc1 h5 30. Qb2 Rxa1 31. Rxa1 Nxc5 32. Qc2 Ne4 33. Ra6 Rc8 34. f3
Nd6 35. Rxc6 Rxc6 36. Qxc6 Qe7 37. Qa8+ Kh7 38. Qa3 Qe5 39. Kf2 Nf5 40. Ne2 Nd6
41. Qd3 Nf5 42. Qa3 h4 43. Qa7 Kg8 44. Qc5 Qe6 45. Nf4 Qe5 46. Ne2 Kh7 47. Qa7
Kg7 48. Qc5 Kh7 49. Nf4 Qb2+ 50. Ne2 Qe5 51. Qb6 Kg7 52. Qa7 Qb2 53. Qc5 Qe5 54.
e4 Ne7 55. Nc3 Qg3+ 56. Kf1 Qe5 0-1